| 000 | 00398cam a2200181ua 4500 | ||
|---|---|---|---|
| 020 | _cRs. 3.00 | ||
| 041 |
_amal _h |
||
| 082 |
_a960 _bSUB/AF |
||
| 100 | _aSubramanian, N . | ||
| 245 | _aAfrica | ||
| 250 |
_a1 / _b. |
||
| 260 |
_aKerala : _bVenus press & book depo, konni , _c1966. |
||
| 300 | _a219 ; . | ||
| 365 | _aRs. 3.00 | ||
| 504 | _a | ||
| 942 | _cBK | ||
| 999 |
_c305 _d305 |
||